Cities in the Golden Horseshoe (Ontario) on a Map - Statistics

General Stats
  • This quiz has been taken 1,316 times
  • The average score is 10 of 21
Answers on the Map
Answers color-coded by a green-red scale on the quiz's map according to % correct below.
 
Answer Stats
Pop City % Correct
2.96 m Toronto
100%
574 k Hamilton
81%
769 k Mississauga
78%
95.5 k Niagara Falls
77%
696 k Brampton
62%
141 k St. Catharines
58%
175 k Oshawa
55%
325 k Vaughan
54%
343 k Markham
49%
190 k Burlington
48%
212 k Oakville
47%
129 k Ajax
45%
203 k Richmond Hill
43%
98.8 k Pickering
39%
129 k Milton
37%
136 k Whitby
35%
62.4 k Aurora
30%
64.2 k Halton Hills
29%
55.6 k Welland
27%
75.9 k Caledon
26%
100 k Clarington
17%
No matching quizzes found
Score Distribution
Percent of People with Each Score
Percentile by Number Answered
Your Score History
You have not taken this quiz